[Event "Deutsche Blitz-Einzelmeisterschaft der Frauen 2021"]
[Site "Magdeburg"]
[Date "2021.08.01"]
[Round "16"]
[Board "2"]
[White "Brunner, Sophia"]
[Black "Michna, Marta"]
[Result "0-1"]
[WhiteElo "1741"]
[BlackElo "2416"]
[PlyCount "0"]
[EventDate "2021.08.01"]
[EventRounds "21"]
[EventCountry "GER"]

1. d4 {[%clk 0:03:03]} Nf6 {[%clk 0:03:03]} 2. Nf3 {[%clk 0:03:03]} d6 {[%clk
0:03:03]} 3. c4 {[%clk 0:03:04]} Nbd7 {[%clk 0:03:06]} 4. Nc3 {[%clk 0:03:05]} e5
{[%clk 0:03:07]} 5. dxe5 {[%clk 0:03:05]} dxe5 {[%clk 0:03:08]} 6. e4 {[%clk
0:03:05]} c6 {[%clk 0:03:09]} 7. Bg5 {[%clk 0:02:58]} Qc7 {[%clk 0:03:10]} 8. Be2
{[%clk 0:02:53]} Be7 {[%clk 0:03:05]} 9. O-O {[%clk 0:02:51]} O-O {[%clk
0:03:04]} 10. Qc2 {[%clk 0:02:51]} a5 {[%clk 0:03:04]} 11. b3 {[%clk 0:02:38]}
Nc5 {[%clk 0:03:03]} 12. Rfd1 {[%clk 0:02:30]} Ne6 {[%clk 0:02:55]} 13. Rd2
{[%clk 0:01:54]} h6 {[%clk 0:02:51]} 14. Bh4 {[%clk 0:01:42]} Nf4 {[%clk
0:02:42]} 15. Bg3 {[%clk 0:01:42]} N6h5 {[%clk 0:02:48]} 16. Rad1 {[%clk
0:01:39]} Nxg3 {[%clk 0:02:39]} 17. hxg3 {[%clk 0:01:40]} Ne6 {[%clk 0:02:26]}
18. Na4 {[%clk 0:01:15]} Bb4 {[%clk 0:02:26]} 19. Rd3 {[%clk 0:01:12]} b6 {[%clk
0:02:25]} 20. Qb2 {[%clk 0:01:09]} f6 {[%clk 0:02:20]} 21. a3 {[%clk 0:01:10]}
Be7 {[%clk 0:02:17]} 22. Nh4 {[%clk 0:01:05]} Nd4 {[%clk 0:02:03]} 23. Ng6 {[%clk
0:00:55]} Re8 {[%clk 0:02:04]} 24. Nxe7+ {[%clk 0:00:56]} Rxe7 {[%clk 0:02:05]}
25. Nc3 {[%clk 0:00:49]} Be6 {[%clk 0:02:03]} 26. f4 {[%clk 0:00:45]} Rd7 {[%clk
0:02:01]} 27. f5 {[%clk 0:00:31]} Bf7 {[%clk 0:02:02]} 28. Bf3 {[%clk 0:00:30]}
Rad8 {[%clk 0:02:02]} 29. Qb1 {[%clk 0:00:25]} Qa7 {[%clk 0:01:56]} 30. Kh2
{[%clk 0:00:23]} Rd6 {[%clk 0:01:53]} 31. Ne2 {[%clk 0:00:23]} Nxf3+ {[%clk
0:01:37]} 32. gxf3 {[%clk 0:00:23]} Qc7 {[%clk 0:01:35]} 33. a4 {[%clk 0:00:18]}
Qe7 {[%clk 0:01:31]} 34. Qc2 {[%clk 0:00:16]} Rxd3 {[%clk 0:01:30]} 35. Rxd3
{[%clk 0:00:18]} Rxd3 {[%clk 0:01:31]} 36. Qxd3 {[%clk 0:00:19]} Qc5 {[%clk
0:01:32]} 37. Kg2 {[%clk 0:00:18]} Qb4 {[%clk 0:01:27]} 38. Kf2 {[%clk 0:00:15]}
Qc5+ {[%clk 0:01:20]} 39. Kg2 {[%clk 0:00:07]} Kh7 {[%clk 0:01:17]} 40. f4 {[%clk
0:00:10]} exf4 {[%clk 0:01:11]} 41. Nxf4 {[%clk 0:00:11]} Qe5 {[%clk 0:01:11]}
42. Ne2 {[%clk 0:00:08]} Qb2 {[%clk 0:01:08]} 43. Kf3 {[%clk 0:00:08]} h5 {[%clk
0:01:03]} 44. Qc3 {[%clk 0:00:06]} Qb1 {[%clk 0:01:03]} 45. Nf4 {[%clk 0:00:05]}
Qf1+ {[%clk 0:00:56]} 46. Ke3 {[%clk 0:00:04]} Qg1+ {[%clk 0:00:57]} 47. Kf3
{[%clk 0:00:05]} Qh1+ {[%clk 0:00:57]} 48. Ke3 {[%clk 0:00:07]} h4 {[%clk
0:00:46]} 49. gxh4 {[%clk 0:00:08]} Qxh4 {[%clk 0:00:47]} 50. Ne2 Qh2 {[%clk
0:00:45]} 51. Kd2 {[%clk 0:00:09]} Qh1 {[%clk 0:00:42]} 52. Qd3 {[%clk 0:00:10]}
Bh5 {[%clk 0:00:38]} 53. Qe3 {[%clk 0:00:09]} Bf3 {[%clk 0:00:36]} 54. Kd3 {[%clk
0:00:09]} Bg2 {[%clk 0:00:35]} 55. Ng3 {[%clk 0:00:06]} Qb1+ {[%clk 0:00:35]} 56.
Kc3 {[%clk 0:00:07]} Qa1+ {[%clk 0:00:33]} 57. Kd3 {[%clk 0:00:07]} Qb2 {[%clk
0:00:33]} 58. Ne2 {[%clk 0:00:04]} Bf1 {[%clk 0:00:32]} 59. Qf3 {[%clk 0:00:04]}
Bxe2+ {[%clk 0:00:32]} 60. Qxe2 {[%clk 0:00:05]} Qxb3+ {[%clk 0:00:33]} 61. Kd4
{[%clk 0:00:05]} Qh3 {[%clk 0:00:25]} 62. Qd1 Qh2 {[%clk 0:00:23]} 63. Qf3 Qe5+
{[%clk 0:00:24]} 64. Kd3 {[%clk 0:00:06]} Kg8 {[%clk 0:00:23]} 65. Qh5 {[%clk
0:00:05]} Qd6+ {[%clk 0:00:25]} 66. Kc3 {[%clk 0:00:06]} Qe7 {[%clk 0:00:26]} 67.
Qf3 {[%clk 0:00:07]} Qe5+ {[%clk 0:00:27]} 68. Kb3 {[%clk 0:00:08]} b5 {[%clk
0:00:28]} 69. cxb5 {[%clk 0:00:07]} cxb5 {[%clk 0:00:30]} 70. axb5 {[%clk
0:00:07]} Qxb5+ {[%clk 0:00:31]} 71. Kc3 {[%clk 0:00:10]} a4 {[%clk 0:00:32]} 72.
Qd1 {[%clk 0:00:06]} Qc6+ {[%clk 0:00:31]} 73. Kb2 {[%clk 0:00:05]} Qxe4 {[%clk
0:00:22]} 74. Qd8+ {[%clk 0:00:04]} Kh7 {[%clk 0:00:32]} 75. Qd7 {[%clk 0:00:05]}
Qb4+ {[%clk 0:00:32]} 76. Kc2 {[%clk 0:00:06]} Qb3+ {[%clk 0:00:33]} 77. Kc1
{[%clk 0:00:07]} a3 {[%clk 0:00:33]} 78. Qe8 {[%clk 0:00:07]} Qb2+ {[%clk
0:00:31]} 79. Kd1 {[%clk 0:00:08]} Qd4+ {[%clk 0:00:32]} 80. Kc2 {[%clk 0:00:09]}
Qf2+ {[%clk 0:00:32]} 81. Kb3 {[%clk 0:00:09]} Qf3+ {[%clk 0:00:34]} 82. Ka2
{[%clk 0:00:09]} Qxf5 {[%clk 0:00:32]} 83. Kxa3 {[%clk 0:00:11]} Qg6 {[%clk
0:00:33]} 84. Qe3 {[%clk 0:00:11]} f5 {[%clk 0:00:34]} 85. Kb2 {[%clk 0:00:12]}
Qg4 {[%clk 0:00:35]} 86. Kc2 {[%clk 0:00:04]} f4 {[%clk 0:00:35]} 87. Qe4+ {[%clk
0:00:13]} Qg6 {[%clk 0:00:37]}  0-1

[Event "Deutsche Blitz-Einzelmeisterschaft der Frauen 2021"]
[Site "Magdeburg"]
[Date "2021.08.01"]
[Round "16"]
[Board "3"]
[White "Ries, Jutta"]
[Black "Zimmer, Elke"]
[Result "1-0"]
[WhiteElo "2094"]
[BlackElo "1872"]
[PlyCount "0"]
[EventDate "2021.08.01"]
[EventRounds "21"]
[EventCountry "GER"]

1. f4 {[%clk 0:03:03]} Nc6 {[%clk 0:03:00]} 2. Nf3 {[%clk 0:03:04]} d6 {[%clk
0:03:01]} 3. b3 {[%clk 0:03:05]} e5 {[%clk 0:03:02]} 4. e3 {[%clk 0:02:57]} exf4
{[%clk 0:03:02]} 5. exf4 {[%clk 0:02:58]} Nf6 {[%clk 0:02:59]} 6. Bb2 {[%clk
0:02:59]} Be7 {[%clk 0:02:55]} 7. Bb5 {[%clk 0:02:58]} Bd7 {[%clk 0:02:55]} 8.
O-O {[%clk 0:02:58]} O-O {[%clk 0:02:55]} 9. Nc3 {[%clk 0:02:58]} a6 {[%clk
0:02:56]} 10. Bc4 {[%clk 0:02:53]} Be6 {[%clk 0:02:57]} 11. Bd3 {[%clk 0:02:46]}
d5 {[%clk 0:02:38]} 12. a3 {[%clk 0:02:42]} Bg4 {[%clk 0:02:29]} 13. Be2 {[%clk
0:02:41]} Bf5 {[%clk 0:02:21]} 14. Nh4 {[%clk 0:02:35]} Bd7 {[%clk 0:02:15]} 15.
g3 {[%clk 0:02:25]} d4 {[%clk 0:02:12]} 16. Nb1 {[%clk 0:02:20]} Nd5 {[%clk
0:02:09]} 17. Bf3 {[%clk 0:02:19]} Bh3 {[%clk 0:02:06]} 18. Ng2 {[%clk 0:02:19]}
Bf6 {[%clk 0:02:04]} 19. Re1 {[%clk 0:01:55]} Qd7 {[%clk 0:01:53]} 20. a4 {[%clk
0:01:46]} Rfe8 {[%clk 0:01:54]} 21. Na3 {[%clk 0:01:44]} Rxe1+ {[%clk 0:01:53]}
22. Nxe1 {[%clk 0:01:38]} Re8 {[%clk 0:01:39]} 23. Nd3 {[%clk 0:01:39]} b6 {[%clk
0:01:24]} 24. Nc4 {[%clk 0:01:38]} Ncb4 {[%clk 0:01:08]} 25. Nxb4 {[%clk
0:01:28]} Nxb4 {[%clk 0:01:09]} 26. Rc1 {[%clk 0:01:19]} Nd5 {[%clk 0:01:03]} 27.
Bxd4 {[%clk 0:01:05]} Bxd4+ {[%clk 0:00:55]} 28. Kh1 {[%clk 0:01:04]} c6 {[%clk
0:00:37]} 29. c3 {[%clk 0:01:02]} Bf2 {[%clk 0:00:28]} 30. Ne5 {[%clk 0:00:58]}
Qd6 {[%clk 0:00:20]} 31. d4 {[%clk 0:00:56]} f6 {[%clk 0:00:14]} 32. Nc4 {[%clk
0:00:55]} Qc7 {[%clk 0:00:13]} 33. Qd3 {[%clk 0:00:55]}  1-0

[Event "Deutsche Blitz-Einzelmeisterschaft der Frauen 2021"]
[Site "Magdeburg"]
[Date "2021.08.01"]
[Round "16"]
[Board "4"]
[White "Noll, Sonja"]
[Black "Schneider, Birgit"]
[Result "0-1"]
[WhiteElo "1707"]
[BlackElo "1993"]
[PlyCount "0"]
[EventDate "2021.08.01"]
[EventRounds "21"]
[EventCountry "GER"]

1. e4 {[%clk 0:03:04]} c5 {[%clk 0:03:03]} 2. Nf3 {[%clk 0:03:04]} Nc6 {[%clk
0:03:05]} 3. c3 {[%clk 0:03:05]} d5 {[%clk 0:03:05]} 4. exd5 {[%clk 0:03:05]}
Qxd5 {[%clk 0:03:06]} 5. h3 {[%clk 0:03:00]} Nf6 {[%clk 0:03:04]} 6. d4 {[%clk
0:02:57]} cxd4 {[%clk 0:03:04]} 7. Nxd4 {[%clk 0:02:56]} Nxd4 {[%clk 0:02:46]} 8.
cxd4 {[%clk 0:02:54]} e5 {[%clk 0:02:28]} 9. Nc3 {[%clk 0:02:50]} Qe6 {[%clk
0:02:02]} 10. Be2 {[%clk 0:02:44]} Be7 {[%clk 0:01:57]} 11. Nb5 {[%clk 0:02:39]}
Bd6 {[%clk 0:01:42]} 12. Nxd6+ {[%clk 0:02:32]} Qxd6 {[%clk 0:01:44]} 13. dxe5
{[%clk 0:02:21]} Qxe5 {[%clk 0:01:43]} 14. O-O {[%clk 0:02:17]} O-O {[%clk
0:01:43]} 15. Be3 {[%clk 0:02:04]} Bf5 {[%clk 0:01:32]} 16. Qb3 {[%clk 0:01:59]}
b6 {[%clk 0:01:16]} 17. Rfe1 {[%clk 0:01:56]} Rac8 {[%clk 0:01:13]} 18. Ba6
{[%clk 0:01:49]} Rce8 {[%clk 0:00:49]} 19. Bb5 {[%clk 0:01:21]} Bd7 {[%clk
0:00:39]} 20. Rad1 {[%clk 0:01:01]} Qxb5 {[%clk 0:00:37]} 21. Qc3 {[%clk
0:00:51]} Qc6 {[%clk 0:00:36]} 22. Qd3 {[%clk 0:00:49]} Bc8 {[%clk 0:00:36]} 23.
Bd2 {[%clk 0:00:48]} Bb7 {[%clk 0:00:37]} 24. f3 {[%clk 0:00:41]} Rd8 {[%clk
0:00:38]} 25. Qa3 {[%clk 0:00:44]} a5 {[%clk 0:00:39]} 26. Re7 {[%clk 0:00:31]}
Ba8 {[%clk 0:00:33]} 27. Qe3 {[%clk 0:00:28]} Qc5 {[%clk 0:00:33]} 28. Re1 {[%clk
0:00:26]} Qxe3+ {[%clk 0:00:34]} 29. Bxe3 {[%clk 0:00:26]} h6 {[%clk 0:00:34]}
30. Bxb6 {[%clk 0:00:27]} Rb8 {[%clk 0:00:35]} 31. Bxa5 {[%clk 0:00:26]} Rxb2
{[%clk 0:00:36]} 32. a3 {[%clk 0:00:26]} Ra2 {[%clk 0:00:37]} 33. Bb4 {[%clk
0:00:28]} Nd5 {[%clk 0:00:36]} 34. Re8 {[%clk 0:00:24]} Nxb4 {[%clk 0:00:33]} 35.
axb4 {[%clk 0:00:24]} Bb7 {[%clk 0:00:30]} 36. R8e7 {[%clk 0:00:20]} Bc6 {[%clk
0:00:31]} 37. Rc1 {[%clk 0:00:19]} Ra6 {[%clk 0:00:28]} 38. Rc5 {[%clk 0:00:16]}
Rb6 {[%clk 0:00:20]} 39. Rc7 {[%clk 0:00:15]} Ba8 {[%clk 0:00:26]} 40. b5 {[%clk
0:00:15]} Rfb8 {[%clk 0:00:16]} 41. Rc8+ {[%clk 0:00:13]} Kh7 {[%clk 0:00:16]}
42. R8c7 {[%clk 0:00:05]} Rxb5 {[%clk 0:00:16]} 43. Rxb5 {[%clk 0:00:05]} Rxb5
{[%clk 0:00:27]} 44. Rxf7 {[%clk 0:00:07]} Kg6 {[%clk 0:00:28]} 45. Rf8 {[%clk
0:00:08]} Bd5 {[%clk 0:00:29]} 46. Ra8 {[%clk 0:00:08]} Bc4 {[%clk 0:00:30]} 47.
Ra6+ {[%clk 0:00:09]} Kh7 {[%clk 0:00:31]} 48. Ra7 {[%clk 0:00:10]} Rb1+ {[%clk
0:00:30]} 49. Kh2 {[%clk 0:00:11]} Be6 {[%clk 0:00:30]} 50. Kg3 {[%clk 0:00:12]}
Rb2 {[%clk 0:00:31]} 51. f4 {[%clk 0:00:11]} Bc4 {[%clk 0:00:32]} 52. Rc7 {[%clk
0:00:11]} Bf1 {[%clk 0:00:33]} 53. Kh4 {[%clk 0:00:10]} Rxg2 {[%clk 0:00:34]} 54.
f5 {[%clk 0:00:11]} Rf2 {[%clk 0:00:35]} 55. Kh5 {[%clk 0:00:09]} Bxh3 {[%clk
0:00:35]} 56. Kh4 {[%clk 0:00:09]} Bxf5 {[%clk 0:00:16]} 57. Rf7 {[%clk 0:00:09]}
Rf1 {[%clk 0:00:34]} 58. Kg3 {[%clk 0:00:10]} Bd3 {[%clk 0:00:35]} 59. Rxf1
{[%clk 0:00:10]} Bxf1 {[%clk 0:00:37]} 60. Kh4 {[%clk 0:00:11]} Bd3 {[%clk
0:00:38]} 61. Kh5 {[%clk 0:00:12]} g6+ {[%clk 0:00:39]} 62. Kh4 {[%clk 0:00:12]}
Kg7 {[%clk 0:00:40]}  0-1

[Event "Deutsche Blitz-Einzelmeisterschaft der Frauen 2021"]
[Site "Magdeburg"]
[Date "2021.08.01"]
[Round "16"]
[Board "5"]
[White "Kosovska, Olena"]
[Black "Mader, Lena"]
[Result "1/2-1/2"]
[WhiteElo "1965"]
[BlackElo "1689"]
[PlyCount "0"]
[EventDate "2021.08.01"]
[EventRounds "21"]
[EventCountry "GER"]

1. e4 {[%clk 0:03:03]} c6 {[%clk 0:03:04]} 2. d4 {[%clk 0:03:04]} d5 {[%clk
0:03:06]} 3. e5 {[%clk 0:03:03]} Bf5 {[%clk 0:03:07]} 4. Nc3 {[%clk 0:03:03]} e6
{[%clk 0:03:06]} 5. h4 {[%clk 0:03:04]} h5 {[%clk 0:03:02]} 6. Bd3 {[%clk
0:02:55]} Bxd3 {[%clk 0:02:57]} 7. Qxd3 {[%clk 0:02:55]} c5 {[%clk 0:02:43]} 8.
Nf3 {[%clk 0:02:53]} Nc6 {[%clk 0:02:42]} 9. Be3 {[%clk 0:02:41]} cxd4 {[%clk
0:02:36]} 10. Bxd4 {[%clk 0:02:37]} Nge7 {[%clk 0:02:33]} 11. Bc5 {[%clk
0:02:32]} b6 {[%clk 0:02:24]} 12. Ba3 {[%clk 0:02:32]} Rc8 {[%clk 0:02:11]} 13.
Nb5 {[%clk 0:02:31]} Nf5 {[%clk 0:02:09]} 14. Bxf8 {[%clk 0:02:24]} Kxf8 {[%clk
0:01:59]} 15. c3 {[%clk 0:02:10]} g6 {[%clk 0:01:45]} 16. Qe2 {[%clk 0:02:05]}
Kg7 {[%clk 0:01:35]} 17. O-O-O {[%clk 0:01:54]} a6 {[%clk 0:01:29]} 18. Nbd4
{[%clk 0:01:53]} Ncxd4 {[%clk 0:01:16]} 19. Nxd4 {[%clk 0:01:52]} Nxd4 {[%clk
0:01:15]} 20. Rxd4 {[%clk 0:01:51]} b5 {[%clk 0:01:13]} 21. Kb1 {[%clk 0:01:49]}
Rc4 {[%clk 0:01:02]} 22. Rhd1 {[%clk 0:01:47]} Qe7 {[%clk 0:00:53]} 23. Rxc4
{[%clk 0:01:43]} bxc4 {[%clk 0:00:53]} 24. g3 {[%clk 0:01:37]} Rb8 {[%clk
0:00:49]} 25. Ka1 {[%clk 0:01:08]} a5 {[%clk 0:00:49]} 26. Qc2 {[%clk 0:01:07]}
Qd7 {[%clk 0:00:44]} 27. f3 {[%clk 0:01:02]} a4 {[%clk 0:00:37]} 28. g4 {[%clk
0:01:01]} hxg4 {[%clk 0:00:29]} 29. fxg4 {[%clk 0:01:02]} a3 {[%clk 0:00:30]} 30.
b3 {[%clk 0:00:57]} cxb3 {[%clk 0:00:30]} 31. axb3 {[%clk 0:00:58]} Qe7 {[%clk
0:00:12]} 32. h5 {[%clk 0:00:55]} Qg5 {[%clk 0:00:08]} 33. hxg6 {[%clk 0:00:39]}
fxg6 {[%clk 0:00:09]} 34. Qe2 {[%clk 0:00:33]} Rxb3 {[%clk 0:00:07]}  1/2-1/2

[Event "Deutsche Blitz-Einzelmeisterschaft der Frauen 2021"]
[Site "Magdeburg"]
[Date "2021.08.01"]
[Round "16"]
[Board "6"]
[White "Braun, Kristin"]
[Black "Zschischang, Marine"]
[Result "0-1"]
[WhiteElo "1846"]
[BlackElo "2034"]
[PlyCount "0"]
[EventDate "2021.08.01"]
[EventRounds "21"]
[EventCountry "GER"]

1. e4 {[%clk 0:03:03]} e6 {[%clk 0:03:04]} 2. d4 {[%clk 0:03:04]} d5 {[%clk
0:03:05]} 3. exd5 {[%clk 0:03:06]} exd5 {[%clk 0:03:06]} 4. Nf3 {[%clk 0:03:07]}
Nf6 {[%clk 0:03:07]} 5. c4 {[%clk 0:03:07]} Be7 {[%clk 0:03:08]} 6. Nc3 {[%clk
0:03:08]} c6 {[%clk 0:03:07]} 7. Be2 {[%clk 0:03:09]} dxc4 {[%clk 0:03:07]} 8.
Bxc4 {[%clk 0:03:09]} O-O {[%clk 0:03:07]} 9. O-O {[%clk 0:03:12]} Bg4 {[%clk
0:03:08]} 10. Be3 {[%clk 0:03:09]} Nbd7 {[%clk 0:03:08]} 11. h3 {[%clk 0:03:10]}
Bh5 {[%clk 0:03:09]} 12. Re1 {[%clk 0:03:10]} Nb6 {[%clk 0:03:07]} 13. Bb3 {[%clk
0:03:12]} Qd6 {[%clk 0:02:49]} 14. Rc1 {[%clk 0:02:55]} Nfd5 {[%clk 0:02:48]} 15.
Nxd5 {[%clk 0:02:47]} Nxd5 {[%clk 0:02:48]} 16. g4 {[%clk 0:02:24]} Bg6 {[%clk
0:02:39]} 17. Ne5 {[%clk 0:02:22]} Bf6 {[%clk 0:02:32]} 18. f4 {[%clk 0:02:09]}
h6 {[%clk 0:01:54]} 19. Qf3 {[%clk 0:02:06]} Rad8 {[%clk 0:01:46]} 20. Bf2 {[%clk
0:01:33]} Bh7 {[%clk 0:01:42]} 21. Rc5 {[%clk 0:01:27]} Nb4 {[%clk 0:01:25]} 22.
a3 {[%clk 0:01:20]} Na6 {[%clk 0:01:12]} 23. Rc3 {[%clk 0:01:13]} Nc7 {[%clk
0:01:14]} 24. Rec1 {[%clk 0:01:05]} Nb5 {[%clk 0:01:11]} 25. Rc4 {[%clk 0:00:59]}
a5 {[%clk 0:01:08]} 26. a4 {[%clk 0:00:59]} Nc7 {[%clk 0:01:08]} 27. Nxc6 {[%clk
0:01:00]} bxc6 {[%clk 0:00:54]} 28. Rxc6 {[%clk 0:01:01]} Qb4 {[%clk 0:00:56]}
29. Rxc7 {[%clk 0:00:58]} Bxd4 {[%clk 0:00:54]} 30. R7c4 {[%clk 0:00:38]} Bxf2+
{[%clk 0:00:45]} 31. Kxf2 {[%clk 0:00:39]} Qd2+ {[%clk 0:00:46]} 32. Kg1 {[%clk
0:00:30]} Rd3 {[%clk 0:00:45]} 33. Qg2 {[%clk 0:00:19]} Qxg2+ {[%clk 0:00:44]}
34. Kxg2 {[%clk 0:00:20]} Rxb3 {[%clk 0:00:45]} 35. Rc5 {[%clk 0:00:19]} Rxb2+
{[%clk 0:00:45]} 36. Kg3 {[%clk 0:00:21]} Rb3+ {[%clk 0:00:39]} 37. Kh4 {[%clk
0:00:21]} Rb4 {[%clk 0:00:26]} 38. Rxa5 {[%clk 0:00:21]} Rxf4 {[%clk 0:00:40]}
39. Ra7 {[%clk 0:00:19]} Rf3 {[%clk 0:00:40]} 40. g5 {[%clk 0:00:16]} Bf5 {[%clk
0:00:38]} 41. Rh1 {[%clk 0:00:15]} Rd8 {[%clk 0:00:29]} 42. gxh6 {[%clk 0:00:16]}
gxh6 {[%clk 0:00:29]} 43. Rg1+ {[%clk 0:00:16]} Bg6 {[%clk 0:00:27]} 44. Ra6
{[%clk 0:00:18]} Rd4+ {[%clk 0:00:27]} 45. Rg4 {[%clk 0:00:19]} Rdd3 {[%clk
0:00:24]} 46. Raxg6+ {[%clk 0:00:14]} fxg6 {[%clk 0:00:25]} 47. Rxg6+ {[%clk
0:00:16]} Kh7 {[%clk 0:00:26]} 48. Ra6 {[%clk 0:00:16]} Rxh3+ {[%clk 0:00:27]}
49. Kg4 {[%clk 0:00:17]} Rdg3+ {[%clk 0:00:28]} 50. Kf4 {[%clk 0:00:19]} Rg6
{[%clk 0:00:26]} 51. Ra7+ {[%clk 0:00:20]} Rg7 {[%clk 0:00:27]} 52. Ra8 {[%clk
0:00:21]} Rh4+ {[%clk 0:00:24]} 53. Kf5 {[%clk 0:00:21]} Rh5+ {[%clk 0:00:23]}
54. Kf6 {[%clk 0:00:22]} Rhg5 {[%clk 0:00:22]} 55. a5 {[%clk 0:00:22]} R7g6+
{[%clk 0:00:15]} 56. Kf7 {[%clk 0:00:22]} Rg7+ {[%clk 0:00:15]} 57. Kf6 {[%clk
0:00:25]} R7g6+ {[%clk 0:00:24]} 58. Kf7 {[%clk 0:00:27]} Rf5+ {[%clk 0:00:25]}
59. Ke7 {[%clk 0:00:28]} h5 {[%clk 0:00:24]} 60. a6 {[%clk 0:00:28]} Ra5 {[%clk
0:00:25]} 61. a7 {[%clk 0:00:29]} Rg7+ {[%clk 0:00:26]} 62. Kf6 {[%clk 0:00:29]}
Raxa7 {[%clk 0:00:26]}  0-1

[Event "Deutsche Blitz-Einzelmeisterschaft der Frauen 2021"]
[Site "Magdeburg"]
[Date "2021.08.01"]
[Round "16"]
[Board "8"]
[White "Paehtz, Elisabeth"]
[Black "Zeller, Elisa"]
[Result "1-0"]
[WhiteElo "2410"]
[BlackElo "1917"]
[PlyCount "0"]
[EventDate "2021.08.01"]
[EventRounds "21"]
[EventCountry "GER"]

1. d4 {[%clk 0:03:03]} d5 {[%clk 0:03:03]} 2. Bf4 {[%clk 0:03:04]} Nf6 {[%clk
0:03:04]} 3. e3 {[%clk 0:03:05]} e6 {[%clk 0:03:04]} 4. Nf3 {[%clk 0:03:05]} c5
{[%clk 0:03:04]} 5. c3 {[%clk 0:03:06]} Nc6 {[%clk 0:03:03]} 6. Nbd2 {[%clk
0:03:06]} Bd7 {[%clk 0:03:03]} 7. Bd3 {[%clk 0:03:06]} c4 {[%clk 0:03:04]} 8. Bc2
{[%clk 0:03:07]} Be7 {[%clk 0:03:04]} 9. Qe2 {[%clk 0:03:07]} O-O {[%clk
0:02:50]} 10. e4 {[%clk 0:03:08]} Re8 {[%clk 0:02:47]} 11. e5 {[%clk 0:03:08]}
Nh5 {[%clk 0:02:32]} 12. Be3 {[%clk 0:03:09]} g6 {[%clk 0:02:34]} 13. g4 {[%clk
0:03:05]} Ng7 {[%clk 0:02:34]} 14. h4 {[%clk 0:03:05]} Rf8 {[%clk 0:01:49]} 15.
h5 {[%clk 0:03:05]} Qe8 {[%clk 0:01:45]} 16. h6 {[%clk 0:03:05]}  1-0

[Event "Deutsche Blitz-Einzelmeisterschaft der Frauen 2021"]
[Site "Magdeburg"]
[Date "2021.08.01"]
[Round "16"]
[Board "9"]
[White "Hofmann, Karina"]
[Black "Skogvall, Martina"]
[Result "1-0"]
[WhiteElo "1734"]
[BlackElo "2014"]
[PlyCount "0"]
[EventDate "2021.08.01"]
[EventRounds "21"]
[EventCountry "GER"]

1. f4 {[%clk 0:03:02]} d5 {[%clk 0:03:03]} 2. Nf3 {[%clk 0:03:03]} Nf6 {[%clk
0:03:04]} 3. e3 {[%clk 0:03:04]} c6 {[%clk 0:03:05]} 4. b3 {[%clk 0:03:05]} g6
{[%clk 0:03:04]} 5. Bb2 {[%clk 0:03:06]} Bg7 {[%clk 0:03:05]} 6. d4 {[%clk
0:03:06]} O-O {[%clk 0:03:05]} 7. Bd3 {[%clk 0:03:05]} Nbd7 {[%clk 0:03:04]} 8.
Nbd2 {[%clk 0:03:02]} b6 {[%clk 0:03:03]} 9. Ne5 {[%clk 0:03:02]} Nxe5 {[%clk
0:02:59]} 10. dxe5 {[%clk 0:03:00]} Ng4 {[%clk 0:02:50]} 11. Qf3 {[%clk 0:02:55]}
Bf5 {[%clk 0:02:19]} 12. h3 {[%clk 0:02:52]} Nh6 {[%clk 0:02:12]} 13. e4 {[%clk
0:02:40]} dxe4 {[%clk 0:02:07]} 14. Bxe4 {[%clk 0:02:36]} Bxe4 {[%clk 0:02:01]}
15. Qxe4 {[%clk 0:02:36]} e6 {[%clk 0:01:48]} 16. O-O-O {[%clk 0:02:36]} Nf5
{[%clk 0:01:42]} 17. Qxc6 {[%clk 0:02:29]} Rc8 {[%clk 0:01:43]} 18. Qf3 {[%clk
0:02:08]} Qc7 {[%clk 0:01:44]} 19. c3 {[%clk 0:01:36]} Rfd8 {[%clk 0:01:28]} 20.
Kb1 {[%clk 0:01:23]} Qc6 {[%clk 0:01:16]} 21. Ne4 {[%clk 0:01:23]} Qc7 {[%clk
0:00:52]} 22. g4 {[%clk 0:01:15]} Ne7 {[%clk 0:00:50]} 23. Nd6 {[%clk 0:01:08]}
Rb8 {[%clk 0:00:47]} 24. h4 {[%clk 0:00:57]} Nd5 {[%clk 0:00:39]} 25. f5 {[%clk
0:00:48]} gxf5 {[%clk 0:00:34]} 26. gxf5 {[%clk 0:00:39]} Bxe5 {[%clk 0:00:27]}
27. Rhg1+ {[%clk 0:00:43]} Kh8 {[%clk 0:00:24]} 28. fxe6 {[%clk 0:00:28]} Qxd6
{[%clk 0:00:17]} 29. Qxf7 {[%clk 0:00:24]}  1-0

[Event "Deutsche Blitz-Einzelmeisterschaft der Frauen 2021"]
[Site "Magdeburg"]
[Date "2021.08.01"]
[Round "16"]
[Board "10"]
[White "Voicu-Jagodzinsky, Carmen"]
[Black "Muetsch, Annmarie"]
[Result "0-1"]
[WhiteElo "2194"]
[BlackElo "2294"]
[PlyCount "0"]
[EventDate "2021.08.01"]
[EventRounds "21"]
[EventCountry "GER"]

1. e4 {[%clk 0:03:02]} d6 {[%clk 0:03:01]} 2. d4 {[%clk 0:03:04]} Nf6 {[%clk
0:03:01]} 3. Nc3 {[%clk 0:03:05]} e5 {[%clk 0:03:03]} 4. Nf3 {[%clk 0:03:06]}
Nbd7 {[%clk 0:03:04]} 5. Bc4 {[%clk 0:03:05]} Be7 {[%clk 0:03:05]} 6. h3 {[%clk
0:03:06]} h6 {[%clk 0:03:03]} 7. O-O {[%clk 0:03:06]} c6 {[%clk 0:03:01]} 8. a4
{[%clk 0:03:08]} Qc7 {[%clk 0:03:01]} 9. Re1 {[%clk 0:03:05]} g5 {[%clk 0:02:59]}
10. Nh2 {[%clk 0:02:40]} Nf8 {[%clk 0:02:56]} 11. b4 {[%clk 0:02:27]} Ng6 {[%clk
0:02:56]} 12. b5 {[%clk 0:02:29]} Nf4 {[%clk 0:02:53]} 13. Bxf4 {[%clk 0:02:27]}
gxf4 {[%clk 0:02:53]} 14. bxc6 {[%clk 0:02:24]} bxc6 {[%clk 0:02:53]} 15. dxe5
{[%clk 0:02:13]} dxe5 {[%clk 0:02:44]} 16. a5 {[%clk 0:01:55]} Rg8 {[%clk
0:02:48]} 17. Qf3 {[%clk 0:01:57]} Bc5 {[%clk 0:02:21]} 18. Na4 {[%clk 0:01:52]}
Bb4 {[%clk 0:02:17]} 19. Red1 {[%clk 0:01:41]} Bxa5 {[%clk 0:02:14]} 20. Nc5
{[%clk 0:01:37]} Bb6 {[%clk 0:02:13]} 21. Nd3 {[%clk 0:01:35]} Bd4 {[%clk
0:02:10]} 22. Rab1 {[%clk 0:01:29]} a5 {[%clk 0:02:06]} 23. c3 {[%clk 0:01:26]}
Ba7 {[%clk 0:01:58]} 24. Nxf4 {[%clk 0:01:26]} exf4 {[%clk 0:01:54]} 25. e5
{[%clk 0:01:27]} Nd7 {[%clk 0:01:45]} 26. Qxf4 {[%clk 0:01:28]} Nc5 {[%clk
0:01:38]} 27. Qf6 {[%clk 0:01:05]} Be6 {[%clk 0:01:06]} 28. Be2 {[%clk 0:01:06]}
Ne4 {[%clk 0:00:54]} 29. Qxh6 {[%clk 0:00:43]} Nxf2 {[%clk 0:00:35]} 30. Rd4
{[%clk 0:00:44]} Qxe5 {[%clk 0:00:24]} 31. Nf3 {[%clk 0:00:40]} Qxe2 {[%clk
0:00:16]} 32. Re1 {[%clk 0:00:33]} Bxd4 {[%clk 0:00:15]} 33. Rxe2 {[%clk
0:00:34]} Ng4+ {[%clk 0:00:16]} 34. cxd4 {[%clk 0:00:35]} Nxh6 {[%clk 0:00:17]}
35. Ne5 {[%clk 0:00:37]} Rc8 {[%clk 0:00:15]} 36. Rc2 {[%clk 0:00:35]} Kf8 {[%clk
0:00:15]} 37. g4 {[%clk 0:00:36]} Nf5 {[%clk 0:00:15]} 38. Nf3 {[%clk 0:00:32]}
Ne3 {[%clk 0:00:13]} 39. Rc5 {[%clk 0:00:32]} Nc4 {[%clk 0:00:06]} 40. Kf2 {[%clk
0:00:31]} Bd5 {[%clk 0:00:14]} 41. Nh4 {[%clk 0:00:30]} Nd6 {[%clk 0:00:14]} 42.
Rxa5 {[%clk 0:00:20]} Kg7 {[%clk 0:00:13]} 43. Ra7 {[%clk 0:00:29]} Ra8 {[%clk
0:00:13]} 44. Rd7 {[%clk 0:00:30]} Ne4+ {[%clk 0:00:12]} 45. Ke3 {[%clk 0:00:31]}
Rgd8 {[%clk 0:00:12]} 46. Nf5+ {[%clk 0:00:32]} Kf6 {[%clk 0:00:14]} 47. Rc7
{[%clk 0:00:31]} Nd6 {[%clk 0:00:13]} 48. Nh6 {[%clk 0:00:30]} Re8+ {[%clk
0:00:14]} 49. Kf4 {[%clk 0:00:28]} Re4+ {[%clk 0:00:13]} 50. Kg3 {[%clk 0:00:29]}
Kg5 {[%clk 0:00:10]} 51. Nf5 {[%clk 0:00:26]} Nxf5+ {[%clk 0:00:10]}  0-1